| 000 | 01040cam a22002413a 4500 | ||
|---|---|---|---|
| 001 | 2861 | ||
| 003 | PGUSA | ||
| 005 | 20140828083022.0 | ||
| 008 | 011001s2001||||xxu|||||s|||||000 | eng d | ||
| 040 |
_aPGUSA _beng |
||
| 042 | _adc | ||
| 050 | 4 | _aPS | |
| 100 | 1 |
_aPost, Melville Davisson, _d1871-1930 |
|
| 245 | 1 | 4 |
_aThe Sleuth of St. James's Square _h[electronic resource] / _cMelville Davisson Post |
| 260 |
_bProject Gutenberg, _c2001 |
||
| 505 | 0 | _aThe thing on the hearth -- The reward -- The lost lady -- The cambered foot -- The man in the green hat -- The wrong sign -- The fortune teller -- The hole in the mahogany panel -- The end of the road -- The last adventure -- American horses -- The spread rails -- The pumpkin coach -- The yellow flower -- A satire of the sea -- The house by the loch. | |
| 506 | _aPublic domain in the USA. | ||
| 516 | _aElectronic text | ||
| 653 | _aDetective and mystery stories, English | ||
| 830 | 0 |
_aProject Gutenberg _v2861 |
|
| 856 | 4 | 0 | _uhttp://www.gutenberg.org/ebooks/2861 |
| 942 | _cEB | ||
| 999 |
_c232193 _d232193 |
||